| 000 | 00409nam a2200145Ia 4500 | ||
|---|---|---|---|
| 005 | 20250405143611.0 | ||
| 008 | 240331s9999 xx 000 0 und d | ||
| 082 |
_bSAM _a894 |
||
| 100 | _aSameem, M | ||
| 245 | 0 | _aEnathu illakiyath thedal | |
| 260 |
_aColombo _bIlankai mootpoku kalai ilakkiyapperavi _c2006 |
||
| 300 | _aXv, 136 p ., | ||
| 500 | _aTamil Ilakkiya sinthanai marabum kailasababathum | ||
| 942 | _cL | ||
| 999 |
_c4140 _d4140 |
||